Central Library OPAC University of Rajshahi

Gerard Manley Hopkins : (Record no. 17849)

MARC details
000 -LEADER
fixed length control field 00844nam a2200241 a 4500
001 - CONTROL NUMBER
control field 17849
003 - CONTROL NUMBER IDENTIFIER
rucl marc code BD-RjUL
005 - DATE AND TIME OF LATEST TRANSACTION
control field 20211209000213.0
008 - FIXED-LENGTH DATA ELEMENTS--GENERAL INFORMATION
fixed length control field 140219t1948 001 0 eng u
035 ## - SYSTEM CONTROL NUMBER
System control number (BD-RjUL) 17907
System control number (OCoLC)751966
040 ## - CATALOGING SOURCE
Original cataloging agency WPG
Modifying agency m.c
-- EQO
-- BD-RjUL
Language of cataloging eng
Transcribing agency BD-RjUL
041 ## - LANGUAGE CODE
Language code of text/sound track or separate title eng
082 00 - DEWEY DECIMAL CLASSIFICATION NUMBER
Classification number 821.8
Author mark and year PEG 1948
100 1# - MAIN ENTRY--PERSONAL NAME
Personal name Peters, W. A. M.
Fuller form of name (William Antonius Maria),
Dates associated with a name 1911-1988
9 (RLIN) 55076
245 10 - TITLE STATEMENT
Title Gerard Manley Hopkins :
Remainder of title a critical essay towards the understanding of his poetry /
Statement of responsibility, etc. by W. A. M. Peters
260 ## - PUBLICATION, DISTRIBUTION, ETC. (IMPRINT)
Place of publication, distribution, etc. London :
Name of publisher, distributor, etc. Oxford University Press,
Date of publication, distribution, etc. 1948.
300 ## - PHYSICAL DESCRIPTION
Pagination xviii, 213 p. ;
Size 22 cm.
504 ## - BIBLIOGRAPHY, ETC. NOTE
Bibliography, etc Includes bibliographical reference and index.
600 10 - SUBJECT ADDED ENTRY--PERSONAL NAME
Personal name Hopkins, Gerard Manley,
Dates associated with a name 1844-1889
General subdivision Criticism and interpretation
942 ## - ADDED ENTRY ELEMENTS (KOHA)
Source of classification or shelving scheme Dewey Decimal Classification
Koha item type Books
Holdings
Lost status Source of classification or shelving scheme Damaged status Not for loan Collection code Permanent Location Current Location Shelving location Date acquired Source of acquisition Cost, normal purchase price Total Checkouts Full call number Date last seen Copy number Koha item type
  Dewey Decimal Classification   Not For Loan Fiction Central Library, University of Rajshahi Central Library, University of Rajshahi Reading Room 10/08/1955 O.U.P. 9.00   821.8 PEG 1948 19/02/2014 C-1 Books